[Event "Perth Metro CC-chE"]
[Site "Perth"]
[Date "2006.03.23"]
[Round "7"]
[White "Prunty, Jon"]
[Black "Lofthouse, T."]
[Result "0-1"]
[WhiteElo "1119"]
[BlackElo "1001"]
[PlyCount "124"]
[EventDate "2006.02.02"]
[EventType "tourn"]
[EventRounds "9"]
[EventCountry "AUS"]
[SourceTitle "EXT 2010"]
[Source "ChessBase"]
[SourceDate "2010.11.25"]
[SourceVersion "1"]
[SourceVersionDate "2010.11.25"]
[SourceQuality "1"]

1. e4 c6 2. d4 d5 3. exd5 cxd5 4. Nf3 Nf6 5. Ne5 Bf5 6. Nc3 a6 7. a3 e6 8. Nf3 h6 9. Nh4 Bh7 10. g3 Be7 11. Nf3 0-0 12. Bg2 Nc6 13. Bf4 Ne4 14. Ne2 Qb6 15. Rb1 f6 16. Be3 Qa5+ 17. Nd2 Rac8 18. 0-0 Qc7 19. Nf4 Qd6 20. Nd3 Rf7 21. f3 Nxd2 22. Qxd2 g5 23. Qe2 Bd8 24. Bh3 Bb6 25. c3 Re8 26. Rbd1 Rfe7 27. f4 Bf5 28. Bg2 Bg4 29. Bf3 Bh3 30. Rfe1 Rg7 31. Bg4 Bxg4 32. Qxg4 gxf4 33. Qxf4 Qxf4 34. Bxf4 Kh7 35. Rf1 e5 36. Be3 e4 37. Nf4 Rg5 38. Kg2 f5 39. Nxd5 f4 40. Nf6+ Kg6 41. Bxf4 Kxf6 42. Bc7+ Kg6 43. Bxb6 e3 44. Rde1 Rb5 45. Bc5 Rxb2+ 46. Kg1 Rd2 47. d5 e2 48. Rf3 Rxd5 49. Bb4 Kg5 50. Kf2 Rd2 51. c4 Nxb4 52. axb4 Re4 53. Re3 Rxc4 54. R3xe2 Rxe2+ 55. Rxe2 Rxb4 56. Re5+ Kf6 57. Re6+ Kg5 58. Re8 b5 59. Ra8 Ra4 60. Rd8 b4 61. Rd2 b3 62. Rb2 Ra2 0-1

[Event "Perth Metro CC-chE"]
[Site "Perth"]
[Date "2006.03.16"]
[Round "6"]
[White "Lofthouse, T."]
[Black "Doherty, Tyrone"]
[Result "0-1"]
[WhiteElo "1001"]
[BlackElo "1024"]
[PlyCount "96"]
[EventDate "2006.02.02"]
[EventType "tourn"]
[EventRounds "9"]
[EventCountry "AUS"]
[SourceTitle "EXT 2010"]
[Source "ChessBase"]
[SourceDate "2010.11.25"]
[SourceVersion "1"]
[SourceVersionDate "2010.11.25"]
[SourceQuality "1"]

1. e4 e5 2. Nf3 Nc6 3. Bc4 Bc5 4. b4 Bxb4 5. c3 Bc5 6. d4 exd4 7. cxd4 Bb6 8. 0-0 d6 9. d5 Ne5 10. Nxe5 dxe5 11. Nd2 Nf6 12. Ba3 a6 13. Bb4 c5 14. Bc3 Qe7 15. Re1 0-0 16. Nf3 Bc7 17. Qd2 b5 18. Bd3 Bd6 19. a3 Bg4 20. Re3 Nd7 21. Ne1 Bh5 22. Rg3 Bg6 23. Qg5 f6 24. Qh4 Qf7 25. f4 exf4 26. Rf3 Ne5 27. Bxe5 Bxe5 28. Ra2 Rad8 29. Raf2 Bd4 30. Rxf4 Rde8 31. Kf1 Bxf2 32. Qxf2 c4 33. Bc2 Qe7 34. Nf3 h6 35. Qd4 Qd6 36. Qe3 a5 37. Nh4 Bh7 38. g3 Qe5 39. Nf3 Qd6 40. Rg4 Rf7 41. Qxh6 Kh8 42. e5 gxh6 43. exd6 Bxc2 44. Nd4 Bd3+ 45. Kf2 b4 46. Rh4 Kh7 47. g4 b3 48. Rh3 b2 0-1

[Event "Perth Metro CC-chE"]
[Site "Perth"]
[Date "2006.02.16"]
[Round "3"]
[White "Lofthouse, T."]
[Black "De Vries, H."]
[Result "1-0"]
[WhiteElo "1001"]
[BlackElo "889"]
[PlyCount "71"]
[EventDate "2006.02.02"]
[EventType "tourn"]
[EventRounds "9"]
[EventCountry "AUS"]
[SourceTitle "EXT 2010"]
[Source "ChessBase"]
[SourceDate "2010.11.25"]
[SourceVersion "1"]
[SourceVersionDate "2010.11.25"]
[SourceQuality "1"]

1. e4 e5 2. Nf3 Nc6 3. Bc4 Nh6 4. c3 Be7 5. d4 exd4 6. Nxd4 Nxd4 7. Qxd4 0-0 8. 0-0 d6 9. Bxh6 gxh6 10. Nd2 Bf6 11. Qe3 Bg5 12. Qg3 Kh8 13. Kh1 Bxd2 14. f4 Be6 15. Bd3 Rg8 16. Qf2 Bxc3 17. bxc3 Qf6 18. c4 c5 19. f5 Bd7 20. Rae1 Rg5 21. Qf3 Bc6 22. h4 Rg7 23. Qf4 Rag8 24. Rf2 Rg4 25. Qe3 Qxh4+ 26. Kg1 Qf6 27. Bf1 Qg7 28. f6 Qg6 29. Qd2 Bxe4 30. Re3 Bc6 31. Rfe2 Rxc4 32. Re7 Rd4 33. Qb2 Qg5 34. Rxf7 Rf4 35. Qc2 Rf2 36. Qxh7# 1-0

[Event "Perth Respini-E"]
[Site "Perth"]
[Date "2005.10.13"]
[Round "6"]
[White "Lofthouse, T."]
[Black "Prunty, Jon"]
[Result "0-1"]
[WhiteElo "981"]
[BlackElo "1025"]
[PlyCount "100"]
[EventDate "2005.09.01"]
[EventType "tourn"]
[EventRounds "9"]
[EventCountry "AUS"]
[SourceTitle "EXT 2010"]
[Source "ChessBase"]
[SourceDate "2010.11.25"]
[SourceVersion "1"]
[SourceVersionDate "2010.11.25"]
[SourceQuality "1"]

1. e4 g6 2. Nf3 Bg7 3. d4 d6 4. Bc4 h6 5. 0-0 Nd7 6. c3 e5 7. Be3 Qe7 8. Bb3 Ngf6 9. Bc2 0-0 10. c4 b6 11. Nc3 Ng4 12. Qd2 Nxe3 13. Qxe3 c6 14. Rad1 Ba6 15. Bb3 Bb7 16. Rd2 c5 17. d5 f5 18. Bc2 f4 19. Qe2 a6 20. a3 g5 21. Ne1 Bf6 22. g3 Qg7 23. Qg4 Bc8 24. Qe6+ Kh7 25. Qxd6 Ra7 26. Qc6 Bb7 27. Qa4 Nb8 28. Nb5 Ra8 29. Nd6 b5 30. Qb3 Bc8 31. Nf5 Bxf5 32. exf5 Qd7 33. g4 Nc6 34. Qd3 Nd4 35. Nf3 bxc4 36. Nxe5 cxd3 37. Nxd7 Nf3+ 38. Kg2 Nxd2 39. Nxf8+ Rxf8 40. Rc1 f3+ 41. Kh3 dxc2 42. Rxc2 Nf1 43. Rxc5 Bd4 44. Rc7+ Kg8 45. d6 Be5 46. Rc6 Rd8 47. d7 Rxd7 48. Rxh6 Nd2 49. Rg6+ Rg7 50. Rxa6 Ne4 0-1